Statistics for Top 10 Biggest Cities In New Jersey

Click here to take the quiz!

General Stats

  • This quiz has been taken 22 times
  • The average score is 5 of 10

Answer Stats

HintAnswer% Correct
311,549Newark
95%
292,449Jersey City
90%
90,871Trenton
90%
137,298Elizabeth
65%
159,732Paterson
65%
107,588Edison
40%
95,438Toms River
20%
103,639Woodbridge
20%
92,297Hamilton township
15%
135,158Lakewood
10%

Score Distribution

Percentile by Number Answered

Percent of People with Each Score

Your Score History

You have not taken this quiz